| 000 | 00665cam a22002057 4500 | ||
|---|---|---|---|
| 001 | ltf91049193 | ||
| 003 | DLC | ||
| 005 | 20260227111553.0 | ||
| 008 | 910522m19601962iaua 000 1 lav | ||
| 010 |
_altf91049193 _z 99513574 |
||
| 040 |
_aDLC _cDLC _dDLC |
||
| 050 | 0 | 0 |
_aPG9048.Z38 _bD76 1960 |
| 100 | 1 | _aZeltin̦š, Teodors. | |
| 245 | 1 | 0 |
_aDrupu republika : _bromāns / _cTeodors Zeltin̦š. |
| 246 | 1 |
_iVol. 2 has title: _aTiltu atjaunotāji |
|
| 260 |
_a[Waverly, Iowa] : _bLatvju grāmata, _c1960-1962. |
||
| 300 |
_a2 v. : _bill. ; _c22 cm. |
||
| 500 | _aVol. 2: published by T. Zeltin̦a apgāds. | ||
| 700 | 1 | 2 |
_aZeltin̦š, Teodors. _tTiltu atjaunotāji. |
| 999 |
_c37594 _d37594 |
||